[Event "Abu Dhabi President Cup"]
[Site "Abu Dhabi"]
[Date "2022.12.22"]
[Round "8"]
[White "Abdelaziz, Saleh"]
[Black "Ahmed, Mohammad Showain"]
[Result "1/2-1/2"]
[WhiteElo "1624"]
[BlackElo "1094"]
[PlyCount "70"]
[EventDate "2022.12.16"]
[EventType "swiss"]
[EventRounds "9"]
[EventCountry "UAE"]
[SourceTitle "CBM 212 Extra"]
[Source "ChessBase"]
[SourceDate "2023.03.31"]
[SourceVersion "1"]
[SourceVersionDate "2023.03.31"]
[SourceQuality "1"]

1. e4 e5 2. Nf3 Nc6 3. Bc4 Bc5 4. d3 h6 5. 0-0 Nf6 6. h3 0-0 7. c3 a6 8. a4 Ba7 9. Re1 d6 10. b4 Re8 11. Be3 Bd7 12. Bxa7 Nxa7 13. a5 Be6 14. Bxe6 fxe6 15. Nbd2 Nc6 16. Nc4 Nh7 17. Qd2 Qf6 18. d4 exd4 19. Nxd4 Nxd4 20. Qxd4 Qxd4 21. cxd4 Rad8 22. Ne3 Nf6 23. f3 Nh5 24. Kh2 Rf8 25. Rad1 Nf4 26. g3 Ng6 27. f4 Ne7 28. d5 exd5 29. Nxd5 Nxd5 30. exd5 Rfe8 31. Kg2 Kf7 32. Kf3 Rxe1 33. Rxe1 g6 34. g4 c5 35. dxc6 bxc6 1/2-1/2

[Event "Abu Dhabi President Cup"]
[Site "Abu Dhabi"]
[Date "2022.12.17"]
[Round "2"]
[White "Abdelaziz, Saleh"]
[Black "Mohamed, Saeed Laily"]
[Result "0-1"]
[WhiteElo "1624"]
[BlackElo "1981"]
[PlyCount "62"]
[EventDate "2022.12.16"]
[EventType "swiss"]
[EventRounds "9"]
[EventCountry "UAE"]
[SourceTitle "CBM 212 Extra"]
[Source "ChessBase"]
[SourceDate "2023.03.31"]
[SourceVersion "1"]
[SourceVersionDate "2023.03.31"]
[SourceQuality "1"]

1. e4 c6 2. d4 d5 3. e5 Bf5 4. Bd3 Bxd3 5. Qxd3 e6 6. Nf3 Qb6 7. b3 c5 8. Be3 Nc6 9. 0-0 cxd4 10. Bxd4 Bc5 11. Bxc5 Qxc5 12. Nc3 Nge7 13. a3 Ng6 14. Na4 Qe7 15. Rfe1 0-0 16. Qe3 Rfd8 17. c3 Rac8 18. b4 b6 19. Nb2 Qb7 20. a4 Nge7 21. g4 d4 22. Nxd4 Nd5 23. Qf3 Nxd4 24. cxd4 Qe7 25. Nd3 Rc4 26. b5 Qg5 27. Nb2 Rxd4 28. Re4 Rxe4 29. Qxe4 Nc3 30. Qe3 Qxg4+ 31. Qg3 Ne2+ 0-1